书目信息 |
| 题名: |
紧拉漫唱
|
|
| 作者: | 徐城北 著 | |
| 分册: | ||
| 出版信息: | 北京 中国工人出版社 2000.01 |
|
| 页数: | 322页 | |
| 开本: | 32开 | |
| 丛书名: | ||
| 单 册: | ||
| 中图分类: | I267 | |
| 科图分类: | ||
| 主题词: | 散文--中国 , 散文--作品综合集--中国 | |
| 电子资源: | ||
| ISBN: | 7-5008-2322-3 | |
| 000 | 00564nam0 2200205 45 | |
| 001 | 0009081678 | |
| 005 | 20000908162545.3 | |
| 010 | @a7-5008-2322-3@d15.80元 | |
| 100 | @a20000908d2000 km y0chiy0120 ea | |
| 101 | 0 | @achi |
| 105 | @a z 000yy | |
| 200 | 1 | @a紧拉漫唱@AJin La Man Chang@f徐城北著@FXu Cheng Bei Zhu |
| 210 | @a北京@c中国工人出版社@d2000.01 | |
| 215 | @a322页@d32开 | |
| 606 | 0 | @a散文@x中国 |
| 606 | 0 | @a散文@x作品综合集@x中国 |
| 690 | @aI267@v3 | |
| 701 | 0 | @a徐城北@4著 |
| 801 | @aCN@bPftUser@c20000908 | |
| 905 | @b129088-092@dI267@eX029/2@f5 | |
| 紧拉漫唱/徐城北著.-北京:中国工人出版社,2000.01 |
| 322页;32开 |
| ISBN 7-5008-2322-3:15.80元 |
| ● |
| 相关链接 |
|
|
|
正题名:紧拉漫唱
索取号:I267/X029/2
 
预约/预借
| 序号 | 登录号 | 条形码 | 馆藏地/架位号 | 状态 | 备注 |
| 1 | 129088 | 201290888 | 社科二线400B/400B社科库 26排1列6层/ [索取号:I267/X029/2] | 在馆 | |
| 2 | 129089 | 201290897 | 社科二线400B/400B社科库 26排1列6层/ [索取号:I267/X029/2] | 在馆 | |
| 3 | 129090 | 201290904 | 文学库116/116文学库 7排3列2层/ [索取号:I267/X029/2] | 在馆 | |
| 4 | 129091 | 201290913 | 社科二线422/422社科库 24排1列3层/ [索取号:I267/X029/2] | 在馆 | |
| 5 | 129092 | 201290922 | 文学库116/116文学库 7排3列2层/ [索取号:I267/X029/2] | 在馆 |